श्रेष्ठ ऐतिहासिक कहानियां / (Record no. 114468)
[ view plain ]
| 000 -LEADER | |
|---|---|
| fixed length control field | 01025nam a22002537a 4500 |
| 005 - DATE AND TIME OF LATEST TRANSACTION | |
| control field | 20170124103009.0 |
| 010 ## - LIBRARY OF CONGRESS CONTROL NUMBER | |
| LC control number | A-766184 |
| 020 ## - INTERNATIONAL STANDARD BOOK NUMBER | |
| Terms of availability | 95.00 |
| 035 ## - SYSTEM CONTROL NUMBER | |
| System control number | A-766184 |
| 037 ## - SOURCE OF ACQUISITION | |
| Source of stock number/acquisition | Cen Lib/Ret |
| 040 ## - CATALOGING SOURCE | |
| Original cataloging agency | DPL |
| Language of cataloging | HN |
| 082 ## - DEWEY DECIMAL CLASSIFICATION NUMBER | |
| Classification number | क |
| Item number | त्रिपाठी |
| 100 ## - MAIN ENTRY--PERSONAL NAME | |
| Personal name | त्रिपाठी, वचनेश |
| 9 (RLIN) | 7619 |
| 245 ## - TITLE STATEMENT | |
| Title | श्रेष्ठ ऐतिहासिक कहानियां / |
| Statement of responsibility, etc | वचनेश त्रिपाठी |
| 246 ## - VARYING FORM OF TITLE | |
| Title proper/short title | Shresth etihasik kahaniyan / |
| Remainder of title | by Vachnesh Tripathi |
| 260 ## - PUBLICATION, DISTRIBUTION, ETC. (IMPRINT) | |
| Place of publication, distribution, etc | दिल्ली |
| Name of publisher, distributor, etc | प्राची प्रकाशन |
| Date of publication, distribution, etc | 1996 |
| 270 ## - ADDRESS | |
| Address | 3014, चर्खेवालान |
| City | दिल्ली |
| Postal code | 110006 |
| 300 ## - PHYSICAL DESCRIPTION | |
| Extent | 144पृ. |
| Dimensions | 17सेमी (सजिल्द) |
| 650 ## - SUBJECT ADDED ENTRY--TOPICAL TERM | |
| Topical term or geographic name as entry element | हिन्दी -- साहित्य |
| 9 (RLIN) | 56946 |
| 650 ## - SUBJECT ADDED ENTRY--TOPICAL TERM | |
| Topical term or geographic name as entry element | हिन्दी -- कहानी |
| 9 (RLIN) | 779 |
| 650 ## - SUBJECT ADDED ENTRY--TOPICAL TERM | |
| Topical term or geographic name as entry element | Hindi -- Literature |
| 9 (RLIN) | 56947 |
| 650 ## - SUBJECT ADDED ENTRY--TOPICAL TERM | |
| Topical term or geographic name as entry element | Hindi -- story |
| 9 (RLIN) | 43117 |
| 942 ## - ADDED ENTRY ELEMENTS (KOHA) | |
| Source of classification or shelving scheme | Dewey Decimal Classification |
| Koha item type | Hindi Books |
| Classification part | क |
| Call number suffix | त्रिपाठी |
| Withdrawn status | Lost status | Damaged status | Not for loan | Home library | Current library | Date acquired | Source of acquisition | Cost, normal purchase price | Total Checkouts | Full call number | Barcode | Date last seen | Date checked out | Copy number | Cost, replacement price | Price effective from | Koha item type |
|---|---|---|---|---|---|---|---|---|---|---|---|---|---|---|---|---|---|
| Central Library | Central Library | 17/08/2015 | Cen Lib/Ret | 95.00 | 1 | क त्रिपाठी | A-766184 | 13/05/2017 | 29/04/2017 | 1 | 95.00 | 17/08/2015 | Hindi Books |
